000 00333pam a2200133 a 4500
020 _c
041 _h
082 _a741.6
_bPAR
100 _aJohn Parker .
245 _aThe Illustrateel World Guide to Submarines
_hTextual Documents
260 _a[s.l]:
_bAnness Publishing Ltd.,
_c2007.
300 _a256:
_bpaper.
930 _a6092
999 _c239882
_d239882